000 00206nam a2200085Ia 4500
008 120527s9999 xx 000 0 und d
100 _aCRANE,Eva
245 _aBeekeeping sometools for Agriculture
942 _cBK
999 _c25182
_d25182